Superstar (TV) - Taylor Swift (All Lyrics) - Statistics

General Stats
  • This quiz has been taken 125 times
    116 since last reset
  • The average score is 221 of 271
Answer Stats
Lyrics % Correct
a
98%
I
98%
"I
98%
Superstar
95%
superstar
95%
the
95%
I'm
93%
in
93%
like
93%
like,
93%
love
93%
on
93%
to
93%
just
91%
my
91%
who
91%
with
91%
you
91%
You
91%
you"
91%
and
88%
And
88%
are
88%
can't
88%
girl
88%
me
88%
no
88%
not
88%
of
88%
one
88%
Every
86%
is
86%
So
86%
special,
86%
that
86%
Who's
86%
another
84%
but
84%
eyes
84%
off
84%
tell
84%
wall
84%
desperately
81%
Give
81%
hang
81%
photograph
81%
take
81%
There
81%
This
81%
when
81%
When
81%
your
81%
be
79%
eyed
79%
feel
79%
I'd
79%
nothin'
79%
things
79%
wide
79%
all
77%
help
77%
Help
77%
knew
77%
see
77%
see,
77%
sing
77%
dim
74%
everyone
74%
face
74%
from
74%
never
74%
saw
74%
Sweet,
74%
sweet
74%
You'll
74%
you'll
74%
could
72%
invisible
72%
knows
72%
night
72%
sleep
72%
wrong,
72%
ain't
70%
guitar
70%
mornin'
70%
Mornin'
70%
name
70%
play
70%
spotlight,
70%
bars,
67%
beautiful
67%
girls
67%
more
67%
played
67%
radio
67%
Scream
67%
smile
67%
up
67%
wide-eyed
67%
again
65%
down
65%
first
65%
town
65%
wish
65%
front
63%
keep
63%
row
63%
about
60%
comes
60%
Misty
60%
around
58%
rules
58%
world
58%
breakin'
56%
counting
56%
loneliness
51%
right,
51%
today
51%
wakes
51%
ways
51%
Dreamin'
49%
babe
44%
note
44%
No matching quizzes found
Score Distribution
Percent of People with Each Score
Percentile by Number Answered
Your Score History
You have not taken this quiz since the last reset